Better Use of Skills in the Workplace Why it Matters for Productivity and Local Jobs

Salvato in:
Dettagli Bibliografici
Natura: Libro
Lingua:inglese
Pubblicazione: Paris OECD/ILO 2017
Soggetti:
Tags: Aggiungi Tag
Nessun Tag, puoi essere il primo ad aggiungerne!!

MARC

LEADER 00000nam a2200000 4500
001 0242394
005 20221221133728.0
020 |a 978-92-64-28138-7 
041 0 |a eng 
044 |a FR 
245 1 0 |a Better Use of Skills in the Workplace  |b Why it Matters for Productivity and Local Jobs 
264 1 |a Paris  |b OECD/ILO  |c 2017 
300 |a 193 s. 
610 2 0 |a proces pracovný 
610 2 0 |a miesta pracovné 
610 2 0 |a zamestnanci 
610 2 0 |a sily pracovné 
610 2 0 |a zručnosti 
610 2 0 |a investície 
610 2 0 |a podpora vzdelávania 
610 2 0 |a rozvoj hospodársky 
610 2 0 |a produktivita 
610 2 0 |a trh práce 
610 2 0 |a programy rozvojové 
610 2 0 |a štúdie prípadové 
610 2 0 |a údaje štatistické 
610 2 0 |a regióny 
610 2 0 |a porovnanie medzinárodné